| 000 | 01066nam a22003377a 4500 | ||
|---|---|---|---|
| 003 | CHAP | ||
| 005 | 20220817042520.0 | ||
| 008 | 971013s1948 r 00010 d | ||
| 010 | _a46881 | ||
| 011 | _a47853 | ||
| 035 | _a51996 | ||
| 040 | _cCHAP | ||
| 082 |
_a641.3318 _bF36 |
||
| 110 | _aFAO | ||
| 245 |
_aRice and rice diets _b: a survey prepared by the Nutrition Division |
||
| 260 |
_aWashington : _b(FAO), _c1948 |
||
| 300 | _a72 p. | ||
| 490 |
_aFAO. Estudios sobre nutrición _v; 1 |
||
| 590 |
_aBATCH-UPD _b10 _c20130110 _lUCH01 _h1126 |
||
| 590 |
_aBATCH-UPD _b10 _c20130410 _lUCH01 _h0716 |
||
| 590 |
_aBATCH-UPD _b10 _c20130914 _lUCH01 _h0403 |
||
| 590 |
_aBATCH-UPD _b10 _c20130914 _lUCH01 _h2121 |
||
| 590 |
_aCONVERSION _b10 _c20130109 _lUCH01 _h1326 |
||
| 650 | 1 | 4 |
_aArroz. _97554 |
| 650 | 1 | 4 |
_aNutrición. _982246 |
| 830 | 0 |
_aFAO. Estudios sobre nutrición _v; 1 _939552 |
|
| 901 | _aBK | ||
| 942 | _cLIBRO | ||
| 949 |
_a641.3318 F36 _bBC _cFAO _d-116080 _eFAO1 _h24902 _i51996 _si |
||
| 949 |
_a641.3318 F36 _bBC _cFAO _d-116081 _eFAO2 _fc.2 _h24903 _i51996 _si |
||
| 999 |
_c46881 _d46881 |
||